000 00226nam a22000857a 4500
008 160629b xxu||||| |||| 00| 0 eng d
100 _91379
_aSood, R
245 _aIntroductory Information Technology - IX
260 _aN.D
_b Arya
_c2005
999 _c1139
_d1139